Úvod do teorie pravděpodobnosti

Salvato in:
Dettagli Bibliografici
Autore principale: Hátle, Jaroslav
Altri autori: Kahounová, Jana
Natura: Libro
Lingua:ceco
Pubblicazione: Praha Stát. nakl. techn. lit. 1987
Edizione:1. vyd.
Tags: Aggiungi Tag
Nessun Tag, puoi essere il primo ad aggiungerne!!

MARC

LEADER 00000nam a2200000 4500
001 c024463
005 20221219103617.4
041 0 |a cze 
044 |a CZ 
245 1 0 |a Úvod do teorie pravděpodobnosti  |c Jaroslav Hátle, Jana Kahounová 
250 |a 1. vyd. 
264 1 |a Praha  |b Stát. nakl. techn. lit.  |c 1987 
300 |a 202 s. 
100 1 |a Hátle, Jaroslav 
700 1 |a Kahounová, Jana